000
00316nam a22001337a 4500
008
170216b xxu||||| |||| 00| 0 eng d
020
_a
9781593377199
041
_a
eng
080
_a
61
100
_a
4
101
_a
SHM
245
_a
THE EVERYTHING HEALTH GUIDE TO THYROID DISEASE
_c
FRIEDMAN, TH.C
942
_2
udc
_c
BK
999
_c
5659
_d
5659